000
00321nam a2200121Ia 4500
005
20251222143149.0
008
251222s9999||||xx |||||||||||||| ||spa||
082
_a
901/V39
100
_a
Vega Delgado, José
245
0
_a
Filosofía de la Historia y Prospectiva
264
_b
Universidad Católica de Cuenca
942
_c
LIB
999
_c
12620
_d
12620